Životné prostredie a udržateľný rozvoj cestovného ruchu bakalárska práca

Guardado en:
Detalles Bibliográficos
Autor principal: Terem, Matúš
Autor Corporativo: Obchodná fakulta EU. Katedra cestovného ruchu
Otros Autores: Plesník, Pavol, 1956-
Formato: Libro
Lenguaje:eslovaco
Publicado: Bratislava 2023
Etiquetas: Agregar Etiqueta
Sin Etiquetas, Sea el primero en etiquetar este registro!

MARC

LEADER 00000nbm a2200000 4500
001 0294871
005 20240118135126.0
041 0 |a slo 
044 |a SK 
245 1 0 |a Životné prostredie a udržateľný rozvoj cestovného ruchu  |b bakalárska práca  |c Matúš Terem ; školiteľ: Pavol Plesník 
264 1 |a Bratislava  |c 2023 
300 |a 60 s. 
100 1 |a Terem, Matúš 
700 1 |a Plesník, Pavol, 1956- 
710 2 |a Obchodná fakulta EU. Katedra cestovného ruchu